Statistics for Cities of Cook County, Illinois

Click here to take the quiz!

General Stats

  • This quiz has been taken 83 times
  • The average score is 33 of 133

Answers on the Map

Answers color-coded by a green-red scale on the quiz's map according to % correct below.
 

Answer Stats

Answer% Correct
City of Chicago
100%
City of Evanston
83%
Village of Oak Park
72%
Town of Cicero
69%
Village of Palatine
66%
Village of Skokie
66%
Village of Schaumburg
62%
City of Berwyn
52%
City of Des Plaines
52%
City of Elgin
52%
Village of Barrington
48%
Village of Orland Park
48%
Village of Winnetka
48%
Village of Arlington Heights
45%
Village of Mount Prospect
45%
Village of Rosemont
45%
Village of Tinley Park
45%
City of Calumet City
41%
Village of Hoffman Estates
41%
Village of Northbrook
41%
Village of Oak Lawn
41%
Village of Wilmette
41%
Village of Buffalo Grove
38%
Village of Elk Grove Village
38%
Village of Glenview
38%
Village of Niles
38%
City of Palos Hills
34%
Village of Lincolnwood
34%
Village of Morton Grove
34%
Village of River Forest
34%
Village of South Barrington
34%
City of Palos Heights
31%
City of Prospect Heights
31%
Village of Forest Park
31%
Village of Glencoe
31%
Village of Kenilworth
31%
Village of La Grange
31%
Village of Lyons
31%
Village of Palos Park
31%
Village of Wheeling
31%
City of Harvey
28%
City of Park Ridge
28%
City of Rolling Meadows
28%
Village of Elmwood Park
28%
Village of Hillside
28%
Village of Hinsdale
28%
Village of Maywood
28%
Village of Northfield
28%
Village of Riverside
28%
Village of Thornton
28%
City of Blue Island
24%
City of Chicago Heights
24%
City of Country Club Hills
24%
City of Oak Forest
24%
Village of Chicago Ridge
24%
Village of Deerfield
24%
Village of Flossmoor
24%
Village of Franklin Park
24%
Village of Golf
24%
Village of Homewood
24%
Village of South Holland
24%
Village of Worth
24%
Village of Alsip
21%
Village of Barrington Hills
21%
Village of Bellwood
21%
Village of Bensenville
21%
Village of Brookfield
21%
Village of Burr Ridge
21%
Village of Dolton
21%
Village of Lemont
21%
Village of Melrose Park
21%
Village of Norridge
21%
Village of Schiller Park
21%
Village of Stickney
21%
Village of Crestwood
17%
Village of Deer Park
17%
Village of Indian Head Park
17%
Village of Lansing
17%
Village of McCook
17%
Village of Park Forest
17%
Village of River Grove
17%
Village of Roselle
17%
Village of Western Springs
17%
City of Burbank
14%
City of Markham
14%
City of Northlake
14%
Village of Bedford Park
14%
Village of Berkeley
14%
Village of Bridgeview
14%
Village of Hanover Park
14%
Village of Hodgkins
14%
Village of Justice
14%
Village of La Grange Park
14%
Village of Matteson
14%
Village of Merrionette Park
14%
Village of Olympia Fields
14%
Village of Richton Park
14%
Village of Stone Park
14%
Village of Streamwood
14%
Village of Summit
14%
Village of Westchester
14%
City of Hickory Hills
10%
Village of Bartlett
10%
Village of Broadview
10%
Village of Calumet Park
10%
Village of Dixmoor
10%
Village of East Dundee
10%
Village of Evergreen Park
10%
Village of Harwood Heights
10%
Village of Hazel Crest
10%
Village of Midlothian
10%
Village of Orland Hills
10%
Village of Posen
10%
Village of Riverdale
10%
Village of Robbins
10%
Village of Willow Springs
10%
City of Countryside
7%
City of Hometown
7%
Village of Burnham
7%
Village of East Hazel Crest
7%
Village of Ford Heights
7%
Village of Forest View
7%
Village of Inverness
7%
Village of North Riverside
7%
Village of South Chicago Heights
7%
Village of Woodridge
7%
Village of Frankfort
3%
Village of Glenwood
3%
Village of Lynwood
3%
Village of Phoenix
3%
Village of Sauk Village
3%
Village of Steger
3%
Village of University Park
3%

Score Distribution

Percentile by Number Answered

Percent of People with Each Score

Your Score History

You have not taken this quiz